Senzorické a analytické hodnotenie medu

Guardado en:
Detalles Bibliográficos
Autor principal: Žiaková, Zuzana
Formato: Libro
Lenguaje:eslovaco
Publicado: Bratislava STU FCHPT 2006
Acceso en línea:Ver en el OPAC
Etiquetas: Agregar Etiqueta
Sin Etiquetas, Sea el primero en etiquetar este registro!

MARC

LEADER 00000nam a2200000 a 4500
005 20260127134245.0
008 060607 2006 xo 000 0 slo d
035 |a vtls008775319 
039 9 |y 200606220951  |z mschk03 
040 |a STUSCHK1  |b slo  |c STUSCHK1  |e AACR2 
100 1 |a Žiaková, Zuzana 
245 1 |a Senzorické a analytické hodnotenie medu 
260 |a Bratislava  |b STU FCHPT  |c 2006 
300 |a 92 s.  |b tab.,grafy, lit. bez CD-ROMu 
500 |a Obháj.: 5.6. 2006 
500 |a Špec.: Konzervácia potravín a technológia mäsa 
500 |a Ústav biotechnológie a potravinárstva 
910 |a SCHK95 
999 |c 8035  |d 8035